000 00446nam a2200193Ia 4500
005 20240823034818.0
008 240823s9999||||xx |||||||||||||| ||und||
020 _a978-0-7195-6102-3
041 _aENGLISH
082 _A362.29092 P4
100 _aJames Frey
245 2 _aA Million Little Pieces
250 _a1st
260 _c2004
_b"John Murray,London"
500 _aYES
650 _aNovel
_bEnglish
942 _cBK
999 _c199183
_d199183